000 00991nam2a22002531 4500
001 v19\rc\1269172
005 20250620052218.0
035 _a(NLR Aleph) 005189350
090 _a5196569
_c5196569
100 _a20060306d1895 |||y0rusy50 ca
101 1 _arus
_cfre
102 _aRU
105 _ay z |||||
200 1 _aЗападня
_d[L'Assommoir
_fПер. Л.Я. Сороченковой]
_zfre
210 _d1895
_aБ. м.
215 _a427 с.
461 0 _1001v19\rc\1269165
_12001#$a"Ругоны-Маккар"$eСерия романов Эмиля Золя. [Т. 1-$v[Т. 7]
_95196516
_aЗоля, Э. (1840-1902)
_cСанкт-Петербург
_d1895-
_nП.П. Сойкин
_oСерия романов Эмиля Золя. [Т. 1-
_t"Ругоны-Маккар"
_v[Т. 7]
510 0 _aL'Assommoir
_zfre
801 0 _aRU
_bNLR
_c20060306
_gpsbo
801 1 _aRU
_bProSoft-M
_c20060306
_2rusmarc
801 2 _aRU
_bNLR
_c20060329
_2rusmarc
852 _aNLR
_j18.258.6.13
942 _cBOOK
980 _aNB